| 000 | 00608nam a22001937a 4500 | ||
|---|---|---|---|
| 999 |
_c16660 _d16660 |
||
| 003 | AR-CdUCM | ||
| 008 | 190228b ||||| |||| 00| 0 spa d | ||
| 040 |
_aMUNICIPALIDAD PROVINCIAL DEL CUSCO _cBIBLIOTECA MUNICIPAL DEL CUSCO |
||
| 082 |
_a299 / _bL62 / 1995 |
||
| 100 |
_aLiendo Seminario, Oscar _96632 |
||
| 245 | _aTaytanchis Q'oyllu Ritti / | ||
| 260 |
_aQosco (sic) : _bMunicipalidad del Qosqo, _c1995. |
||
| 300 |
_a70 páginas ; _bfotos ; _c14 cm. |
||
| 650 |
_aReligión andina _96633 |
||
| 650 |
_aRitos andinos _96634 |
||
| 650 |
_aWakas _96635 |
||
| 942 |
_2ddc _cLIBROS |
||
| 945 |
_arah _d04/05/2019 |
||